书目信息 |
| 题名: |
推进系统动力学
|
|
| 作者: | 汪洪波 , 吴海燕 , 谭建国 编著 | |
| 分册: | ||
| 出版信息: | 北京 科学出版社 2018.03 |
|
| 页数: | 245页 | |
| 开本: | 26cm | |
| 丛书名: | ||
| 单 册: | ||
| 中图分类: | V43 | |
| 科图分类: | ||
| 主题词: | 推进系统--动力学--教材 | |
| 电子资源: | ||
| ISBN: | 978-7-03-056754-3 | |
| 000 | 01020nam0 2200265 450 | |
| 001 | 4505 | |
| 005 | 20181012103028.32 | |
| 010 | @a978-7-03-056754-3@dCNY79.00 | |
| 100 | @a20180714d2018 em y0chiy50 ea | |
| 101 | 0 | @achi |
| 102 | @aCN@b110000 | |
| 105 | @aa z 000yy | |
| 200 | 1 | @a推进系统动力学@9tui jin xi tong dong li xue@f汪洪波,吴海燕,谭建国编著 |
| 210 | @a北京@c科学出版社@d2018.03 | |
| 215 | @a245页@c图@d26cm | |
| 300 | @a空天科学与工程系列教材·空天推进 | |
| 330 | @a本书主要涉及液体火箭发动机、固体火箭发动机和超燃冲压发动机等几类主要的航天推进系统。首先比较系统地介绍了管路、阀门、涡轮泵、燃烧室等几个重要组件的动力学知识;在此基础上对启动、关机、工况转换等典型的瞬态过程和燃烧不稳定问题进行了介绍。 | |
| 510 | 1 | @aDynamics of propulsion systems@zeng |
| 606 | 0 | @a推进系统@x动力学@j教材 |
| 690 | @aV43@v5 | |
| 701 | 0 | @a汪洪波@9wang hong bo@4编著 |
| 701 | 0 | @a吴海燕@9wu hai yan@4编著 |
| 701 | 0 | @a谭建国@9tan jian guo@4编著 |
| 801 | 0 | @aCN@b91MARC@c20180714 |
| 905 | @aMuseLib@dV43@e56 | |
| 推进系统动力学/汪洪波,吴海燕,谭建国编著.-北京:科学出版社,2018.03 |
| 245页:图;26cm |
| 空天科学与工程系列教材·空天推进 |
| ISBN 978-7-03-056754-3:CNY79.00 |
| 本书主要涉及液体火箭发动机、固体火箭发动机和超燃冲压发动机等几类主要的航天推进系统。首先比较系统地介绍了管路、阀门、涡轮泵、燃烧室等几个重要组件的动力学知识;在此基础上对启动、关机、工况转换等典型的瞬态过程和燃烧不稳定问题进行了介绍。 |
| ● |
| 相关链接 |
|
|
|
|
正题名:推进系统动力学
索取号:V43/56
 
预约/预借
| 序号 | 登录号 | 条形码 | 馆藏地/架位号 | 状态 | 备注 |
| 1 | 1125441 | 211254417 | 第二样本阅览室/ [索取号:V43/56] | 在馆 | |
| 2 | 1125442 | 211254426 | 第三借阅区/ [索取号:V43/56] | 在馆 | |
| 3 | 1125443 | 211254435 | 第三借阅区/ [索取号:V43/56] | 在馆 | |
| 4 | 1125444 | 211254444 | 第三借阅区/ [索取号:V43/56] | 在馆 | |
| 5 | 1125445 | 211254453 | 第三借阅区/ [索取号:V43/56] | 在馆 |